| 000 | 00848nam a22002777a 4500 | ||
|---|---|---|---|
| 001 | BR7000210 | ||
| 003 | BR-BrBNA | ||
| 005 | 20230928083555.0 | ||
| 007 | ta | ||
| 008 | 230509b bl.||||| |||| 00| 0 por d | ||
| 040 |
_aBR-BrBNA _bpor _cBiblioteca Nacional de Agricultura |
||
| 041 | _a(Por) | ||
| 072 |
_aE10; N00 _b/G514 |
||
| 090 | _ E10 BR7000210 | ||
| 110 | 1 |
_aCompanhia Agropecuaria de Fomento Economico do Parana, Curitiba (Brasil) _92271 |
|
| 245 | 1 | _aAtividades 1969 [Semente; Mecanizacao agricola; Companhia Agropecuaria de Fomento Economico do Parana; Brasil] | |
| 260 | 3 |
_aCuritiba, PR (Brasil): _c1970. |
|
| 300 | _a20 p. | ||
| 650 | _aMacroeconomia | ||
| 650 | _aMecanizacao agricola | ||
| 650 | _aSemente | ||
| 650 | _aInstituicao agricola | ||
| 650 | _aParana | ||
| 909 |
_a202309 _bLucia _c55 _dLucia Elande |
||
| 942 | _cBK | ||
| 999 |
_c14251 _d14251 |
||